| 000 | 00345nam a2200133Ia 4500 | ||
|---|---|---|---|
| 008 | 240624s9999 xx 000 0 und d | ||
| 041 | _aeng | ||
| 082 | _a337 LIV | ||
| 100 | _aLIVESEY FINBARR | ||
| 245 | _aFROM GLOBAL TO LOCAL THE MAKING OF THING | ||
| 260 |
_c2017 _aNew York _bPantheon Books |
||
| 300 | _aix, 210 p.; 23 cm. | ||
| 365 |
_c _b33 |
||
| 999 |
_c32229 _d32229 |
||